000 01132nam a2200337Ia 4500
003 GCL
005 20240530102341.0
008 140319s9999 xx 000 0 ara d
040 _aGCL /
_cGCL
082 0 4 _a962.042
_bق/ع ع
100 1 _aاحمد عبدالرحيم مصطفى
245 1 0 _aعهدى مذكرات عباس حلمى الثانى خديوى مصر الاخير 1892 - 1914 /
_cاحمد عبدالرحيم مصطفى
260 _a[S.N] :
_bدار الشروق ،
_c1993
300 _a312 ص
650 0 4 _aالعصر الحديث
650 0 4 _aمصر
650 0 4 _aتاريخ
650 0 4 _aالاحوال الاجتماعية
650 0 4 _aالتعليم
650 0 4 _aالاحوال السياسية
650 0 4 _aتركيا
650 0 4 _aالاحزاب السياسية
650 0 4 _aعباس حلمى الثانى 1914-1892
650 0 4 _aجامعة القاهرة
650 0 4 _aمذكرات
650 0 4 _aالاحتلال البريطانى
700 1 _aعباس حلمى الثانى
700 1 _aجلال يحيى (مترجم)
700 1 _aاسحق عبيد
942 _2ddc
_cBK
999 _c31618
_d31618